MARC

LEADER 00000cam a2200000 7i4500
001 0000002855
005 20040127.0
090 0 0 |a FAO634.9095493   |b COU 1997 
245 0 0 |a COUNTRY report :   |b Sri Lanka   |c by Ministry of Forestry, Colombo 
260 0 0 |a Rome :   |b Food and Agriculture Organization of the United Nations ,   |c 1997 
300 |a 30 p. ;   |c 30 cm. 
440 0 0 |a Asia-Pacific forestry sector outlook study working paper series ; no. APFSOS/WP/16 
650 0 0 |a Forests and forestry   |z Sri Lanka 
710 1 1 |a Food and Agriculture Organization of the United Nations (FAO) 
998 |a JPSM 
999 |a 0000004748   |b Monograph   |c Food and Agriculture Organization   |e Default branch 
999 |a 0000004749   |b Monograph   |c Food and Agriculture Organization   |e Default branch